000 00901nam a2200217 i 4500
001 21800
003 ES-MaACL
005 20250921063022.0
007 t|
008 021127q1910 sp |||| | spa d
100 1 _aAlmagro San Martín, Melchor,
_d1882-1947
_920081
245 1 3 _aEl nuevo liberalismo
_b: ensayo leído la noche del 31 de mayo de 1910 en el Ateneo de Madrid (Sección de Ciencias históricas) /
_cpor Melchor Almagro Sanmartín ; con un prólogo del Excmo. Sr. D. José Canalejas y Méndez.
260 _aMadrid :
_bSucesores de Hernando,
_c1910.
300 _a31 p. ;
_c24 cm.
600 1 4 _aCanalejas, José,
_d1854-1912
_934382
610 2 4 _aAteneo de Madrid-
_vConferencias-
_y1900-1939
_91907
650 0 7 _aLiberalismo
_2embne
_914386
710 2 _aAteneo de Madrid.
_bSección de Ciencias Históricas
_91981
852 _aES-MaACL
_jT-1216-F-6
999 _c21800
_d21800